Statistics for Geometry Dash - Top 150 Demons (11.8.2020 - Discontinued)

Click here to take the quiz!

General Stats

  • This quiz has been taken 1,222 times
    (605 since last reset)
  • The average score is 48 of 150

Answer Stats

#Creator(s)Verifier/PublisherLevel's Name% Correct
2Riot, Aurorus, Endlevel, Vermillon and 7 moreMullsy and/or DolphyTartarus
89%
1Bo(x7), El3ctr0, Geemi, rWoomy and 4 morenSwish / BoBoBoBoBoBoBoThe Golden
89%
9Manix648, Namtar, Quasar and 9 more..knobbelboyBloodlust
87%
4Bianox, Terron, Endlelev, NikroPlays and 10 morenpestaKenos
83%
3Bianox, RicoLP, Rustam, Juhou, Pennutoh and 15 more...xander556Zodiac
82%
130Giron, Riot, Michigun and 8 moreRiotBloodbath
80%
27CyclicSunixSonic Wave
78%
5TrueOmega, EndLevel, Zimnior12, NikroPlays and 8 more...rWooshi / TrueOmegaCrimson Planet
67%
18Dorami, DanZmeN, alkali, FarDreamer and 17 more...DoramiThe Yandere
66%
31VipRin, Michigun, Woogi1411 and 18 more...TrustaYatagarasu
65%
12EndLevel, Kugelblitz, BoldStep, Metalface221 and 10 more...npesta / EndLevelDeimos
62%
6NikroPlaysroria / NikroPlaysRenevant
60%
63VipRin, Michigun, Zobros and 15 more..Combined / VipRinArtificial Ascent
59%
8HidekiXAtomicThinking Space
59%
46VipRin, TheDevon, Etzer, Krazyman50 and 14 more...Combined / VipRinDigital Descent
55%
10Walroose, HelpegasuS, Zylenox, CairoX, Xaren and 18 morecrazen / WalrooseCalculator Core
54%
7Endlevel and Benji8080nSwish / EndlevelCognition
54%
43KrmaLKrmaLxo
54%
36Rustam, IlrellBoldStepErebus
53%
14Knobbelboy, PanMan, Platnuu, Rustam, Xaro and 9 more...Technical49 / KnobbelboyRagnarok
53%
120NoobasTrusTaSakupen Hell
52%
13EndLevel and iIiViRuZiIiMetalface221Arctic Lights
51%
24MindCap, RoiMousti, Juhou, Jenkins and 23 more...Technical49 / MindCapSigma
51%
20crazen, HelpegasuS, Splash, Isane and 6 morecrazenWasureta
51%
17Shiorin, Endlevel and MinaxaShiorinKowareta
50%
79Krazyman50Krazyman50Black Blizzard
49%
58LithifusionBoldStepKillbot
49%
11CairoX and DonutTVrWooshi / CairoXLucid Nightmares
49%
22Giron and SmokesSmokesPlasma Pulse Finale
49%
25MindCap, Pennutoh, MetalFace221, Lithifusion and 8 more...Sunix / MindCapGamma
48%
35TrusTa, ChaSe, Pennutoh and 5 more...npesta / TrusTaWOW
48%
33MindCap, Pennutoh, Temp, Giron, Lemons and 26 moreTechnical / MindCapOmega
47%
28Enlex, PennutohMullsy / PennutohGeneric Wave
46%
42crohn44crohn44Sunset Sandstorm
46%
38RustamToshDeluxe / RustamDevil Vortex
44%
119GMTSean, Andromeda, Woogi1411 and 17 more...Krazyman50Phobos
44%
21ViPriN, AbstractDark, Loserchik67 and 12 moreTechnical49 / ViPriNOuroboros
43%
49Pennutoh, Metalface221, Bianox, Juhou and 26 more...Golden / PennutohFreedom08
42%
106Sohn0924, AirSwipe, Stormfly and 4 more...StormflyThe Hell World
40%
44Darwin, NoctaFlyNoctaFly / DarwinZaphkiel
39%
16Krampux, Vismuth,ThorMode, Mulpan, KeiAs and 18 more...Seturan / KrampuxVisible Ray
38%
47LemonsMix991 / LemonsParoxysm
37%
94Sohn0924, Koreaqwer, Cyclic and 3 more...StormflyThe Hell Zone
37%
15Exen, Isane, Bird, DBlade, ettery and 6 moreKotamon / ExenAronia
36%
89KnobbelboyKnobbelboyAstral DIvinity
36%
67RoiMousti, Telion04, Annon and 5 more...KapiNapi / RoiMoustiBBBBBBBBBBBBBBBBBBBB
36%
84JonathanGDNexus / JonathanGDBuTiTi III
36%
70RobBuckBoldStep / RobBuckGlowy
36%
45knobbelboy, Pennutoh, Bianox, ViPriN, Xender Game and 16 moreknobbelboyMolten Gear
36%
50Prism, Pennutoh, Sminx, Bianox, Juhou and 14 morenpesta / PrismAltered Ascent
35%
19Endlevel, El3ctr0 and LimeTime313aedengmd / EndlevelAquatic Auroras
35%
23TheRealSneaky and iIiViRuZiIiDr. Joe / EndLevelHyper Paracosm
35%
40Starkythesalad, Morin, Xec, Realvet, hawkyre and YoonsrDynamixnSwishRage
35%
78[Sohn0924], Stormfly, Platnuu, AlexPG and 5 more...StormflyThe Hell Field
35%
62PlatnuuSrGuillester / PlatnuuDelta Interface
34%
73RoiMoustiDorami / RoiMoustiRate Demon
34%
100alkaliLuqualizer / alkaliSuper Probably Level
34%
34TCTeam (29 people)MrDash / TCTeamTitan Complex
34%
91LemonsMix991 / LemonsAnoxysm
33%
60LazerBlitz & Maniz648Gabs / LazerBlitzAuditory Breaker
33%
115[Migueword] and KrmaLKrmaLLow Death
33%
26Eclipsed, AlexPG, WHErwin and 15 more..DiamondSlapsh / EclipsedSpacial Rend
33%
29TempTempSpectrum Cyclone
33%
53ZephiroX, DavphlaMrSpaghetti / ZephiroXCatalyze
32%
92VipRin, Rustam, Terron and 7 more...CombinedGS / VipRinSubSonic
32%
124Manix648 and LazerBlitzRicoLP / Manix648Blade of Justice
31%
81AZuLer4 and SrGuillesterSrGuillester / AZuLer4Hatred
31%
32Riot, Stormfly, Zimnior12 and 5 moreTGINecromancer
31%
69Riot, HindsRampageQuantum Processing
31%
75PennutohAcharne (GDTemporum) / PennutohBausha Vortex
30%
77Pennutoh, Skidel, Juhou, SlimJim and 12 moreBrianTheBurger / SminxBelloq
30%
72[zaRIKU], RoiMoustiEndLevel / RoiMoustiZiroikabi
30%
80Kapinapi, RoiMousti, ViralDl, HelpegasuS and 7 moreKapinapiZiroikapi
30%
52GDTheTactiq, TheFrozenTideTheRealZephal / GDTheTactiqStalemate Redux
29%
74Desumari, Enzore, 00Zero, Apollone, Voltex and 12 morecrazen / CherryBTVoid Wave
29%
30ZephiroX and RequiemMrSpaghetti / ZephiroXMacabre
28%
54LaZye and 12 more...BoldStep / LaZyeStep to Hell
28%
96BloodshotnSwish / BloodshotBass Cave
27%
51Pennutoh, Cernusco sul Naviglio teamSunix / PennutohCadrega City
27%
41MindCap, GaidenHertuny, Hoshikido, Xyriax and 12 more...Dagger / MindCapCelestial Force
27%
39KeiAs, KuraiYonaka, CrePusCole, DreamerZ and 25 more...Plusxenon / KeiAsDark Flare
27%
59f3lixsram, Darwain, Aquatis and 10 more...Rampage / f3lixsramDemonicat
27%
56Enzeux, Helpegasus, Mitz, HugoLa and 7 moreEnzeuxDolos
27%
48MrLorenzoKapinapi / MrLorenzoTapwreck
27%
143WormFodder, Havok, Endlevel, TGI and 6 moreGizbro / HavokThe Hell Bird
27%
112Sohn0294, Azuler, Ziminor, AlexPG and more...StormFlyThe Hell Origin
27%
37TehTaqtic, Metalface221, RpgRaketti, knobbelboy and 15 moreeiruniEdge of the Blade
26%
149TeamN2Powerbomb / TeamN2The Hell Factory
26%
76Temp, HJFod and ItsHybridTempBalengu Vortex
25%
101TrusTa and ZylenoxTrusTaBerserk
25%
66Team Caliber (Antares, noice, Cersia and 5 more...)TGIMissing Benefits
25%
99IIExenityIIAurorus / IIExenityIIAthanatos
24%
137Krazyman50Krazyman50Conical Depression
24%
55HelpegasuSEnzeux / HelpegasuSFactory Realm X
24%
148TeamN2GoodSmile / TeamN2A Bizarre Phantasm
23%
71TCTeam [23 members]EroGamer / TCTeamCadrega Mode
23%
116Findexi, Nasgubb, Juhou and 5 more...SrGuillester / FindexiCarnage Mode
23%
113DanZmeNDorami / DanZmeNEnvY
23%
57MazL, AbstractDark, Pennutoh, Skitten and 14 more...Technical / MazLPhotovoltaic II
23%
85IFritzMoosh / IFritzYuh
23%
93Ggb0y, Manix648 and BianoxYGYoshIInfernal Abyss
22%
147TeamN2knobbelboy / TeamN2Artificial Ideology
21%
136Exterys Valyrie and WoodedGoldTheRealSneaky / Exterys ValyrieDown Bass
21%
128Team Proxima [20 memb.]DiamondSplash / Team ProximaEpsilon
21%
64Krampux, Motu, Mulpan, CrePusCule and 14 more...Luciela / KeiAsFabrication
21%
88GoodSmile, AbstractDark, Kugelblitz, Jghost217 and 7 more...Luqualizer / GoodSmileAudio Expulsion
20%
86Failure444 and Demonic PlatypusBrianTheBurger / Failure444Furious Flames
20%
125WeoWeoTeo and xcy-7WeoWeoTeoBetrayal of Fate
19%
65Zeroya, Voltex, HelpegasuS, Platnuu and 8 moreMycrafted / ZeroyaEthereal Artifice
19%
111Manix648, Platnuu, xcy7, Xaro, Noriega and 13 moreLuigiDB / PlebKingdomFusion Z
19%
98KaitoCinci / KaitoSpeedrun
19%
61ItsHybrid, temp, Endlevel, Isane and 10 moreCrazen / ItsHybridTempered Steel
19%
126f3lixsram, ChaSe, Pennutoh, Darwin, Reunomi and 17 moref3lixsramArtifice
18%
82alkali, Eclipsed, Saladium, Juhou and 6 more...TGI / alkalidistraught
18%
140Herdys, Zafkiel, FarDreamer and 17 more...Dorami / ZafkielIdols
18%
110MegaMan9, EndLevel, Krazyman50 and 10 more...EndLevelMystic
18%
90Bianox, EclipsedKnobbelboy / BianoxSingularity
18%
133GuitarHeroStyles, Zafkiel, NeoGamer, Oasiz and 14 moreGuitarHeroStylesElectroLux
17%
123Zhander, Metalface221, KaotikJumper and 5 more...StormflySilentium Gradas
17%
68SyQualRainstorm / SyQualAesthetic
16%
144ZylenoxZylenoxAnnihilation Nation
16%
132Pennutoh, Metalface221, Nico99 and 13 more...Golden / PennutohATMarbl
16%
105BIGMAC77, 00Zero, Jowi and JolticSkulzi / BIGMAC77Ithacropolis
16%
139Cirtrax and GizbrpGizbro / CirtraxPrismatic Haze
16%
95TMNGamingKevelia / TMNGamingSurge of Memories
16%
87Geo, GDSean, MaskZ, Isane and 12 moreGabs / GeoSurge of the Shield
16%
83Havok, Lumpy, Eggnog, nwolc and 3 moreTricks33 / HavokOccult Outcry
15%
10799percent, Xyriax, Lumi and 8 more...Rain22 / 99percentTeaM Z
15%
103[Surv, nwolc, Mindcap],TheTactiq, HelpegasuS and 6 more...WaivveBreakout Redux
14%
150Golden, Sminx, HelpegasuS, Temp and 7 moreTechnical / GoldenMirage
14%
97Arb71703, JenkinsGD, Grax and RadiationV2LuigiDB / Arb71703Shock Therapy
14%
134Geonox, DangerKat, FurixGD, Fabian and 7 moreDoramiAzure Fiesta
13%
109MindCap, Gabs, Endlevel, MaJackO, Voltex and 19 moreGunnerBonesMadMansion
13%
131N R G, IZhar, DavJT and 7 more...Dorami / N R GUnder Lavaland
13%
142TheKrisTheKrisAurora
12%
102TeamSmokeWeed [13 members]jbmoon / TeamSmokeWeedGalactic Shift
12%
122ISanE, ZephiroX, Knobbelboy, MrSpaghetti and 20 more...MrSpaghettiAncestral Calamity
11%
129Wombat, GaidenHertuny, Hexhammer and 16 more...BrianTheBurger / VoidSquadAtmosphere
11%
104TCTeam [23 members]Zagros / TCTeamGlitched Memories
11%
146Texic, ItzMezzo, Vex01, Krisz and 6 moreKapinapi / TexicJust DANCE
11%
114Vexion, Angryboy, Cyberic and 2 more..Sonic80 / VexionAsmodeus
10%
127Artumanka, Kains, silver, Andr1x, guleshelt and Maitnarycrazen / ArtumankaBiohazard
10%
145Eclipsed, Terron, AlexPG, TrueLogic and 10 more...Sunix / EclipsedArctic Arena
9%
108Tex02YakobNugget / Tex02Fabricated Thoughts
9%
117CFTeamGDFarzz Zinjj / CFTeamGDVendetTa
9%
118Bianox, Failure444, Konsi, Voltex and 6 moreGabs / BianoxDimension Breaker
8%
135GD Iris, YoonsrDynamix and SkryptozDemented / GD IrisHateful Reflection
8%
138LimeTime313LimeTime313Phosphorescent
8%
121Dalfa, Laminer, R3XX3R, T4sty and 10 moreZeronium / DalfaDimensional Breaking
6%
141Colorbolt, Yuko, Wesp, Hypno and 13 moreNimbus / ColorboltTempest Tornado
6%

Score Distribution

Percentile by Number Answered

Percent of People with Each Score

Your Score History

You have not taken this quiz since the last reset